| 000 | 00000nam 2200000zi 4500 |
| 001 | 9.946235 |
| 003 | CaOODSP |
| 005 | 20250403102726 |
| 006 | m o d f |
| 007 | cr mn||||||||| |
| 008 | 241217e20250109onca obs f000 0 fre d |
| 020 | |a9780660749389 |
| 040 | |aCaOODSP|bfre|erda|cCaOODSP |
| 043 | |an-cn--- |
| 045 | |ay1y2 |
| 086 | 1 |aCS11-621/179F-PDF |
| 100 | 1 |aMcMaster, Megan, |eauteur. |
| 245 | 13|aLe point sur la main-d'œuvre : |bportrait démographique du sous-secteur de l'édition, 2015 à 2023 / |cpar Megan McMaster. |
| 264 | 1|a[Ottawa] : |bStatistique Canada = Statistics Canada, |c9 janvier 2025. |
| 264 | 4|c©2025 |
| 300 | |a1 ressource en ligne (9 pages) : |billustrations en couleur. |
| 336 | |atexte|btxt|2rdacontent/fre |
| 337 | |ainformatique|bc|2rdamedia/fre |
| 338 | |aressource en ligne|bcr|2rdacarrier/fre |
| 490 | 1 |aAnalyse en bref, |x1707-0511 |
| 500 | |aPublié aussi en anglais sous le titre : Workforce insights: demographics in the publishing industries subsector, 2015 to 2023. |
| 500 | |a« N° 11‑621‑M au catalogue. » |
| 504 | |aComprend des références bibliographiques. |
| 520 | |a« Le présent article, le dernier d’une série de trois études, vise à examiner les différences démographiques au sein de la main-d'œuvre du sous-secteur de l'édition. Celui-ci comprend les entreprises dont l'activité est l'édition de journaux, de périodiques et de livres. L'édition est largement tributaire de la demande des consommateurs et des dépenses discrétionnaires en matière de loisirs. En outre, elle a fait face à de nombreux défis économiques au cours des dernières années, notamment une baisse des revenus d'exploitation, des restructurations et d'importantes fusions. Des pressions inflationnistes ont également nui aux activités et à l'emploi dans ce sous-secteur. L'article s'appuie sur des données administratives pour examiner la répartition de la main-d'œuvre selon le genre, la catégorie d'âge et le statut de travail à temps plein. Les résultats sont fondés uniquement sur les employés qui ont reçu un feuillet T4 de leur employeur et sur les travailleurs autonomes. Les autres situations d'emploi, comme le travail à forfait, sont exclues » -- Page 4. |
| 650 | 6|aÉdition|zCanada|xPersonnel|vStatistiques. |
| 655 | 7|aStatistiques|2rvmgf |
| 710 | 2 |aStatistique Canada, |eorganisme de publication. |
| 775 | 08|tWorkforce insights : |w(CaOODSP)9.946234 |
| 830 | #0|aAnalyse en bref (Statistique Canada)|w(CaOODSP)9.501126 |
| 856 | 40|qPDF|s318 Ko|uhttps://publications.gc.ca/collections/collection_2025/statcan/11-621-m/11-621-m2025002-fra.pdf |
| 856 | 4 |qHTML|sS.O.|uhttps://www150.statcan.gc.ca/n1/pub/11-621-m/11-621-m2025002-fra.htm |
| 986 | |a11‑621‑M |